000
00247nam a2200109Ia 4500
008
190216s9999||||xx |||||||||||||| ||und||
100
_a
Lakshminarasimhan J
245
0
_a
Elements Of Commerce
260
_b
Null
_c
1954
300
_a
270p
942
_c
BK
999
_c
3883
_d
3883